|
|
|
|
| LEADER |
02687nam a22004571a 4500 |
| 001 |
44934 |
| 003 |
BD-DhAAL |
| 005 |
20251014103753.0 |
| 008 |
251013r1960 enk b 000 0 eng |
| 010 |
|
|
|a 60050249
|
| 020 |
|
|
|a 9780415330244 (hbk)
|
| 020 |
|
|
|a 9780415489072 (pbk)
|
| 035 |
|
|
|a 7492379
|
| 035 |
|
|
|a (OCoLC)507781
|
| 040 |
|
|
|a DLC
|c ODaWU
|d OCoLC
|d WU
|d DLC
|d BD-DhAAL
|
| 041 |
1 |
|
|a eng
|h fre
|
| 050 |
0 |
0 |
|a GR71
|b .H423
|
| 082 |
|
|
|a 393
|
| 100 |
1 |
|
|a Hertz, Robert,
|d 1881-1915.
|9 59585
|
| 240 |
1 |
0 |
|a Représentation collective de la mort.
|l English
|
| 245 |
1 |
0 |
|a Death :
|b and the right hand /
|c Robert Hertz ; translated by Rodney and Claudia Needham ; with an introduction by E.E. Evans-Pritchard.
|
| 246 |
3 |
|
|a Death and The right hand
|
| 246 |
3 |
0 |
|a Right hand
|
| 250 |
|
|
|a Routledge library editions
|
| 260 |
|
|
|a London :
|b Routledge,
|c c1960 [reprinted].
|
| 300 |
|
|
|a 174 pages ;
|c 22 cm.
|
| 490 |
|
|
|a Religion, rites & ceremonies in 5 volumes
|
| 504 |
|
|
|a Includes bibliographical references.
|
| 526 |
|
|
|x Nazia Binte Mahmud
Lecturer
Department of Economics and Social Sciences
Course Name and No.: Anthropology of Death (ANT 312)
|
| 541 |
|
|
|a Hye Trade International
|e 44934, 44395, 44935
|
| 650 |
|
0 |
|a Death.
|
| 650 |
|
0 |
|a Death Etiquette .
|9 59588
|
| 650 |
|
0 |
|a Funeral rites and ceremonies.
|9 31057
|
| 650 |
|
0 |
|a Left- and right-handedness.
|9 59586
|
| 700 |
1 |
2 |
|a Hertz, Robert,
|d 1881-1915.
|t Prééminence de la main droite.
|l English.
|f 1960.
|9 59587
|
| 830 |
|
|
|a Religion, rites & ceremonies in 5 volumes
|9 59601
|
| 942 |
|
|
|2 ddc
|c BK
|
| 999 |
|
|
|c 47592
|d 47592
|
| 952 |
|
|
|0 0
|1 0
|2 ddc
|4 0
|6 393_000000000000000_HER
|7 0
|9 78345
|a BRACUL
|b BRACUL
|c NEW
|d 2025-10-09
|e Hye Trade International
|g 4378.00
|l 3
|m 4
|o 393 HER
|p 3010044934
|q 2026-05-21
|r 2026-02-24
|s 2026-02-24
|t 1
|v 8756.00
|w 2025-10-09
|y BK
|x Requisitioned by Nazia Binte Mahmud (Lecturer, Department of Economics and Social Sciences For the course named- ‘’Anthropology of Death (ANT 312)’’
|
| 952 |
|
|
|0 0
|1 0
|2 ddc
|4 0
|6 393_000000000000000_HER
|7 0
|9 78346
|a BRACUL
|b BRACUL
|c GEN
|d 2025-10-09
|e Hye Trade International
|g 4378.00
|l 0
|o 393 HER
|p 3010044935
|r 2025-10-09
|t 3
|v 8756.00
|w 2025-10-09
|y BK
|x Requisitioned by Nazia Binte Mahmud (Lecturer, Department of Economics and Social Sciences For the course named- ‘’Anthropology of Death (ANT 312)’’
|
| 952 |
|
|
|0 0
|1 0
|2 ddc
|4 0
|6 393_000000000000000_HER
|7 0
|9 78347
|a BRACUL
|b BRACUL
|c GEN
|d 2025-10-09
|e Hye Trade International
|g 4378.00
|l 0
|o 393 HER
|p 3010044936
|r 2025-10-09
|t 2
|v 8756.00
|w 2025-10-09
|y BK
|x Requisitioned by Nazia Binte Mahmud (Lecturer, Department of Economics and Social Sciences For the course named- ‘’Anthropology of Death (ANT 312)’’
|